Исследование методов увеличения производительности WEB-приложений; Известия Томского политехнического университета [Известия ТПУ]; Т. 312, № 5 : Управление, вычислительная техника и информатика

Λεπτομέρειες βιβλιογραφικής εγγραφής
Parent link:Известия Томского политехнического университета [Известия ТПУ]/ Томский политехнический университет (ТПУ).— , 2000-
Т. 312, № 5 : Управление, вычислительная техника и информатика.— 2008.— [С. 109-114]
Κύριος συγγραφέας: Ботыгин И. А. Игорь Александрович
Άλλοι συγγραφείς: Каликин К. А. Кирилл Александрович
Περίληψη:Заглавие с титульного листа
Электронная версия печатной публикации
Рассмотрены основные методы увеличения производительности серверных приложений и проведены имитационные программные эксперименты, направленные на оценку количества запросов обрабатываемых сервером, объемов трафика создаваемого приложениями; требуемого объема оперативной памяти, среднего времени отклика. Показано, что наиболее предпочтительным с точки зрения практического применения является вариант с кэшированием динамических страниц на стороне клиента, запуском PHP в режиме FastCGI и обработкой статических файлов FrontEnd-сервером Nginx.
Γλώσσα:Ρωσικά
Έκδοση: 2008
Σειρά:Управление, вычислительная техника и информатика
Θέματα:
Διαθέσιμο Online:http://www.lib.tpu.ru/fulltext/v/Bulletin_TPU/2008/v312/i5/24.pdf
Μορφή: Ηλεκτρονική πηγή Κεφάλαιο βιβλίου
KOHA link:https://koha.lib.tpu.ru/cgi-bin/koha/opac-detail.pl?biblionumber=173284

MARC

LEADER 00000nla2a2200000 4500
001 173284
005 20240123145227.0
035 |a (RuTPU)RU\TPU\book\187944 
035 |a RU\TPU\book\187943 
090 |a 173284 
100 |a 20091222d2008 k y0rusy50 ca 
101 0 |a rus 
102 |a RU 
135 |a drnn ---uucaa 
181 0 |a i  
182 0 |a b 
200 1 |a Исследование методов увеличения производительности WEB-приложений  |f И. А. Ботыгин, К. А. Каликин 
203 |a Текст  |c электронный 
215 |a 1 файл (522 Кб) 
225 1 |a Управление, вычислительная техника и информатика 
300 |a Заглавие с титульного листа 
300 |a Электронная версия печатной публикации 
320 |a [Библиогр.: с. 114 (15 назв.)] 
330 |a Рассмотрены основные методы увеличения производительности серверных приложений и проведены имитационные программные эксперименты, направленные на оценку количества запросов обрабатываемых сервером, объемов трафика создаваемого приложениями; требуемого объема оперативной памяти, среднего времени отклика. Показано, что наиболее предпочтительным с точки зрения практического применения является вариант с кэшированием динамических страниц на стороне клиента, запуском PHP в режиме FastCGI и обработкой статических файлов FrontEnd-сервером Nginx. 
337 |a Adobe Reader 
461 1 |0 (RuTPU)RU\TPU\book\176237  |t Известия Томского политехнического университета [Известия ТПУ]  |f Томский политехнический университет (ТПУ)  |d 2000- 
463 1 |0 (RuTPU)RU\TPU\book\187914  |x 1684-8519  |t Т. 312, № 5 : Управление, вычислительная техника и информатика  |v [С. 109-114]  |d 2008  |p 164 с. 
610 1 |a производительность 
610 1 |a Web-приложения 
610 1 |a серверные приложения 
610 1 |a программные эксперименты 
610 1 |a запросы 
610 1 |a трафики 
610 1 |a оперативная память 
610 1 |a кэширование 
610 1 |a динамические страницы 
610 1 |a клиенты 
610 1 |a статические файлы 
610 1 |a труды учёных ТПУ 
610 1 |a электронный ресурс 
700 1 |a Ботыгин  |b И. А.  |c специалист в области информатики и вычислительной техники  |c доцент Томского политехнического университета, кандидат технических наук  |f 1947-  |g Игорь Александрович  |3 (RuTPU)RU\TPU\pers\25190  |9 11270 
701 1 |a Каликин  |b К. А.  |c специалист в области программирования  |c аспирант Томского политехнического университета  |f 1982-  |g Кирилл Александрович  |3 (RuTPU)RU\TPU\pers\25397 
801 1 |a RU  |b 63413507  |c 20090623  |g PSBO 
801 2 |a RU  |b 63413507  |c 20211207  |g PSBO 
856 4 |u http://www.lib.tpu.ru/fulltext/v/Bulletin_TPU/2008/v312/i5/24.pdf 
942 |c CF